000 00313nam a22001337a 4500
008 180928b xxu||||| |||| 00| 0 eng d
020 _a9780415991407
041 _aeng
080 _22nd
_a371
100 _a25
101 _aEDU
245 _aReadings for diversity and social justice
_cAdams,M
942 _2udc
_cBK
999 _c48639
_d48639